000 00492nam a2200181Ia 4500
001 11495
005 20260306162832.0
008 260306t2009||||xx |||||||||||||| ||spa||
041 _aESP
082 _a985.061
_bL22
100 _aOrtiz Benites, Juan (dir.)
_eAUT
245 0 _aLa lancha torpedera Alianza y la ruptura del bloque de Arica en la Guerra del Pacífico
260 _c2009
300 _a105 páginas :
_c21cm.
650 _aGEN
654 _aCHU
942 _cLIB
_dJUS
_fJUS
_2ddc
_n
999 _c11495
_d11495